| 000 | 01106cam a22003017a 4500 | ||
|---|---|---|---|
| 001 | 4278 | ||
| 003 | BD-RjUL | ||
| 005 | 20211208233850.0 | ||
| 008 | 131222s19881946dcu a 001 0 eng | ||
| 035 | _a(BD-RjUL)4313 | ||
| 040 |
_aDLC _cDLC _dDLC _dBD-RjUL _beng |
||
| 041 | _aeng | ||
| 082 |
_a332.62 _bATR 1946 |
||
| 100 | 1 |
_aAtkins, Willard E. _q(Willard Earl), _d1889-1971. _913549 |
|
| 245 | 1 | 4 |
_aThe regulation of the security markets / _cWillard E. Atkins, George W. Edwards, Harold G. Moulton. |
| 260 |
_aWashington, D.C. : _bBrookings Institution, _cc1946. |
||
| 300 |
_avi, 126 p. ; _c21 cm. |
||
| 500 | _aCall number of original: HG4910.A8. | ||
| 500 | _aMaster microform held by: DLC. | ||
| 504 | _aIncludes index. | ||
| 650 |
_aSecurities _zUnited States. _911741 |
||
| 700 | 1 |
_aEdwards, George W. _q(George William), _d1891-1954. _913550 |
|
| 700 | 1 |
_aMoulton, Harold Glenn, _d1883-1965. _913551 |
|
| 856 | _uhttp://www.worldcat.org/title/regulation-of-the-security-markets/oclc/9756507&referer=brief_results | ||
| 942 |
_2ddc _cBK |
||
| 999 |
_c4278 _d4278 |
||